000 00862cab a22001935a 4500
001 L147265
008 090507e20090417xxkap f s 000 0 eng d
035 _a(Sirsi) u147265
041 0 _aeng
100 1 _aEade, Christine
245 0 0 _aRegional report
_bOxfordshire
260 _c2009
490 0 _aProperty Week
_v75(16) 17 April 2009, 52-59(5)
520 _aReviews news and deals from around the region. Reveals that Oxford continues to attract occupiers willing to pay prime rents for office space. Explains that the sheds market faces an uncertain future as occupiers relocate or close down. Reports that Oxford residents might be on the verge of victory in a campaign to buy up land along a canal wanted by housebuilders.
590 _aKA
651 4 _aOxfordshire
690 _aPROPERTY-COMMERCIAL PROPERTY-COMMERCIAL PROPERTY MARKET
942 _n0
999 _c81459
_d81459